[Event "FRA-chT1B 0607"]
[Site "France"]
[Date "2006.10.15"]
[Round "1.7"]
[White "Sighirdjian, Eric Mikhail"]
[Black "Hulin, Jerome"]
[Result "1-0"]
[WhiteElo "2183"]
[BlackElo "2082"]
[PlyCount "83"]
[EventDate "2006.10.15"]
[EventType "team"]
[EventRounds "11"]
[EventCountry "FRA"]
[SourceTitle "EXT 2008"]
[Source "ChessBase"]
[SourceDate "2007.11.25"]
[SourceVersion "1"]
[SourceVersionDate "2007.11.25"]
[SourceQuality "1"]
[WhiteTeam "Cannes II"]
[BlackTeam "Marseille Duchamps"]
[WhiteTeamCountry "FRA"]
[BlackTeamCountry "FRA"]

1. e4 c5 2. Nf3 d6 3. d4 cxd4 4. Nxd4 Nf6 5. Nc3 a6 6. a4 e5 7. Nb3 Be6 8. Be2 d5 9. exd5 Nxd5 10. Ne4 Nc6 11. 0-0 Ndb4 12. Nbc5 Qxd1 13. Rxd1 Bxc5 14. Nxc5 Nxc2 15. Nxe6 fxe6 16. Rb1 N2d4 17. Bd3 Rc8 18. Bd2 Nb3 19. Bc3 Ncd4 20. Re1 Nc5 21. Be4 0-0 22. f3 Rf7 23. a5 g5 24. Rbd1 Rd8 25. Rd2 g4 26. fxg4 Rf4 27. Bf3 Nxf3+ 28. gxf3 Rxd2 29. Bxd2 Rxf3 30. Rxe5 Nb3 31. Bc3 Kf7 32. Re4 Rd3 33. Rb4 Nc5 34. Rc4 Rd5 35. b4 Na4 36. Rc7+ Kg6 37. Bh8 Rb5 38. Rg7+ Kh6 39. h4 Rxb4 40. Rg8 Rb1+ 41. Kg2 Nc5 42. Rg5 1-0

[Event "Cannes Martinez op"]
[Site "Cannes"]
[Date "1996.??.??"]
[Round "2"]
[White "Carletti, Rene"]
[Black "Sighirdjian, Eric Mikhail"]
[Result "0-1"]
[WhiteElo "2130"]
[BlackElo "2220"]
[PlyCount "76"]
[EventDate "1996.08.??"]
[EventType "swiss"]
[EventRounds "9"]
[EventCountry "FRA"]
[SourceTitle "EXT 1998"]
[Source "ChessBase"]
[SourceDate "1997.11.17"]
[SourceVersion "1"]
[SourceVersionDate "1997.11.17"]
[SourceQuality "1"]

1. Nc3 c5 2. Nf3 Nc6 3. g3 d5 4. Bg2 e5 5. d3 Nf6 6. 0-0 Be7 7. e4 d4 8. Ne2 0-0 9. Nd2 Rb8 10. f4 b5 11. h3 Ne8 12. a4 a6 13. Nf3 f6 14. f5 c4 15. g4 Bd7 16. axb5 axb5 17. h4 Nd6 18. Bd2 b4 19. dxc4 Nxc4 20. c3 bxc3 21. bxc3 Qb6 22. Kh1 d3 23. Nc1 Nb2 24. Qe1 Na5 25. Qg3 Nac4 26. Rb1 Qc6 27. Re1 Na3 28. Ra1 Nc2 29. Rb1 Nxe1 30. Bxe1 Qxe4 31. Nd2 Qf4 32. Qxf4 exf4 33. Bd5+ Kh8 34. Ndb3 Nd1 35. Nxd3 Ne3 36. Nxf4 Bd6 37. Bg3 Nxd5 38. Rd1 Bxf4 0-1

[Event "Cannes Martinez op"]
[Site "Cannes"]
[Date "1995.??.??"]
[Round "7"]
[White "Caruso, Augusto"]
[Black "Sighirdjian, Eric Mikhail"]
[Result "1/2-1/2"]
[WhiteElo "2220"]
[BlackElo "2205"]
[PlyCount "73"]
[EventDate "1995.07.??"]
[EventType "swiss"]
[EventRounds "9"]
[EventCountry "FRA"]
[SourceTitle "EXT 1998"]
[Source "ChessBase"]
[SourceDate "1997.11.17"]
[SourceVersion "1"]
[SourceVersionDate "1997.11.17"]
[SourceQuality "1"]

1. e4 c5 2. Nf3 Nc6 3. d4 cxd4 4. Nxd4 Nf6 5. Nc3 e6 6. Bg5 Bb4 7. Nxc6 bxc6 8. Qf3 h6 9. Bh4 e5 10. Bc4 Qe7 11. 0-0 d6 12. a3 Ba5 13. b4 Bb6 14. Bxf6 Qxf6 15. Qxf6 gxf6 16. Rad1 Ke7 17. b5 Be6 18. Bb3 Ba5 19. Rd3 Bxb3 20. cxb3 Bxc3 21. Rxc3 cxb5 22. Rc7+ Ke6 23. Rfc1 Rhd8 24. g3 Rd7 25. Kg2 Rad8 26. h4 f5 27. f3 fxe4 28. fxe4 f5 29. exf5+ Kxf5 30. Rf1+ Ke6 31. Rc6 Rg8 32. Rd1 Rf8 33. a4 e4 34. axb5 Rf3 35. Rd4 Re3 36. Kf2 Rf3+ 37. Kg2 1/2-1/2

[Event "Cannes Martinez op"]
[Site "Cannes"]
[Date "1995.??.??"]
[Round "1"]
[White "Lupu, Mircea Sergiu"]
[Black "Sighirdjian, Eric Mikhail"]
[Result "1-0"]
[WhiteElo "2490"]
[BlackElo "2205"]
[PlyCount "119"]
[EventDate "1995.07.??"]
[EventType "swiss"]
[EventRounds "9"]
[EventCountry "FRA"]
[SourceTitle "EXT 1998"]
[Source "ChessBase"]
[SourceDate "1997.11.17"]
[SourceVersion "1"]
[SourceVersionDate "1997.11.17"]
[SourceQuality "1"]

1. Nf3 d5 2. g3 g6 3. Bg2 Bg7 4. d4 Nf6 5. 0-0 0-0 6. c4 c6 7. cxd5 cxd5 8. Nc3 Nc6 9. Ne5 Be6 10. Bf4 Rc8 11. Nxc6 Rxc6 12. Be5 Qd7 13. Qd2 Rfc8 14. Rfd1 Ne8 15. e4 Nc7 16. h4 b5 17. a3 Rc4 18. Bxg7 Kxg7 19. Bf1 Bg4 20. Re1 Bf3 21. Re3 dxe4 22. Bxc4 bxc4 23. Nxe4 Qg4 24. Ng5 Bd5 25. Kh2 h6 26. f3 Qd7 27. Nh3 Ne6 28. Rae1 Rd8 29. Kg2 Kh7 30. Ng1 Bc6 31. Ne2 Ng7 32. Rc3 Nf5 33. Qf4 Qd5 34. Kf2 f6 35. h5 g5 36. Qe4 Qxe4 37. fxe4 Nd6 38. Kg1 Bxe4 39. Re3 f5 40. Nc3 Rb8 41. R1e2 Kg7 42. d5 g4 43. Rf2 Rb3 44. Kf1 Nb5 45. Nd1 Nd4 46. Rxb3 cxb3 47. Nc3 Bd3+ 48. Kg2 Nf3 49. Rxf3 gxf3+ 50. Kxf3 Kf6 51. Ke3 Bf1 52. Nb1 Ke5 53. Nd2 Bg2 54. Nxb3 Kxd5 55. Nd4 Be4 56. Nb5 a5 57. Nc3+ Ke5 58. Nxe4 fxe4 59. b4 axb4 60. axb4 1-0

[Event "Cannes Martinez op"]
[Site "Cannes"]
[Date "1995.??.??"]
[Round "2"]
[White "Sighirdjian, Eric Mikhail"]
[Black "Vialaret, Laurent"]
[Result "1-0"]
[WhiteElo "2205"]
[BlackElo "2090"]
[PlyCount "85"]
[EventDate "1995.07.??"]
[EventType "swiss"]
[EventRounds "9"]
[EventCountry "FRA"]
[SourceTitle "EXT 1998"]
[Source "ChessBase"]
[SourceDate "1997.11.17"]
[SourceVersion "1"]
[SourceVersionDate "1997.11.17"]
[SourceQuality "1"]

1. e4 e5 2. Nf3 Nc6 3. Bc4 Nf6 4. Ng5 Bc5 5. 0-0 0-0 6. d3 d6 7. Be3 Bg4 8. Nf3 Nd4 9. Nbd2 Bb6 10. Re1 Kh8 11. c3 Nxf3+ 12. Nxf3 Nd7 13. h3 Be6 14. Nd2 Bxc4 15. Nxc4 f5 16. Bxb6 axb6 17. exf5 Rxf5 18. Ne3 Rf4 19. Nd5 Rf5 20. Ne3 Rf4 21. Nd5 Rf5 22. Qg4 g6 23. Ne3 Rf4 24. Qe2 c6 25. Nc4 Qf6 26. Nd2 Rf8 27. Rf1 d5 28. Rae1 Qg5 29. Qe3 Qh5 30. f3 Qf5 31. Kh2 Rh4 32. g4 Qf6 33. d4 g5 34. Kg2 exd4 35. Qxd4 Rh6 36. Re7 Nc5 37. f4 Ne6 38. fxg5 Nxd4 39. gxf6 Nb5 40. g5 Rg6 41. h4 h6 42. Nf3 hxg5 43. Ne5 1-0

[Event "FRA-ch op FIDE"]
[Site "Paris"]
[Date "1994.??.??"]
[Round "7"]
[White "Sighirdjian, Eric Mikhail"]
[Black "Goulenok, Eric"]
[Result "0-1"]
[WhiteElo "2020"]
[BlackElo "2060"]
[PlyCount "136"]
[EventDate "1994.??.??"]
[EventType "swiss"]
[EventRounds "9"]
[EventCountry "FRA"]
[SourceTitle "EXT 1998"]
[Source "ChessBase"]
[SourceDate "1997.11.17"]
[SourceVersion "1"]
[SourceVersionDate "1997.11.17"]
[SourceQuality "1"]

1. e4 c5 2. Nf3 d6 3. d4 cxd4 4. Nxd4 Nf6 5. Nc3 g6 6. Be2 Bg7 7. 0-0 0-0 8. Bg5 Nc6 9. Nb3 Be6 10. f4 b5 11. Bf3 Bc4 12. Re1 Qb6+ 13. Kh1 Rac8 14. Nd5 Qd8 15. Nxf6+ exf6 16. Bh4 Qb6 17. Bg4 Rcd8 18. Nd2 Be6 19. Nf1 Qd4 20. c3 Qb6 21. Ne3 Ne7 22. f5 Bc8 23. fxg6 fxg6 24. Bxc8 Rxc8 25. Qb3+ Kh8 26. Qe6 Rce8 27. Qd7 Qc6 28. Qxa7 Nc8 29. Qa5 Rxe4 30. Bf2 Ra4 31. Qxa4 bxa4 32. c4 f5 33. Rad1 Re8 34. b4 axb3 35. axb3 Bc3 36. Rf1 f4 37. Nd5 f3 38. gxf3 Ne7 39. Nxc3 Qxf3+ 40. Kg1 Qg4+ 41. Kh1 Nf5 42. Rd3 h5 43. h3 Qg5 44. Nd5 Re2 45. Rg1 Qh6 46. Be1 Kg8 47. Rf3 Kf7 48. Nf4 Re3 49. Rxe3 Nxe3 50. Nxg6 Qg7 51. Bd2 Qd4 52. Be1 Qe4+ 53. Kh2 Qf3 54. Nh4 Nf1+ 55. Rxf1 Qxf1 56. Ng2 Ke6 57. Bg3 Qe2 58. h4 Qc2 59. Kh3 Qxb3 60. Nf4+ Kf5 61. Nd5 Qf3 62. Ne7+ Ke4 63. Nd5 Qf1+ 64. Kh2 Kf3 65. Nf4 Kg4 66. Ng2 Qe2 67. Bxd6 Kf3 68. c5 Qxg2# 0-1